| 000 | 00343nam a2200133Ia 4500 | ||
|---|---|---|---|
| 008 | 230917s9999||||xx |||||||||||||| ||und|| | ||
| 040 |
_e187261 _aMAIN |
||
| 041 | _aEnglish | ||
| 082 | _a346.086 U3P | ||
| 245 | 0 | _aPublic Liability Insurance Act, 1991 | |
| 260 |
_aNew Delhi _bUniversal Law Publishing _c2004 |
||
| 300 | _a27 p. | ||
| 942 | _cBK | ||
| 999 |
_c133512 _d133512 |
||